Movies Quiz

Random Movies or Actor Quiz

Cornetto Trilogy Characters Quiz Stats

Quiz not verified by Sporcle

Challenge
Share
Tweet
Embed
Score 0/30 Timer 07:00
2 Plays Today
Actor Characters % Correct
Simon PeggShaun
98.2%
Simon PeggSgt. Nicholas Angel
95.5%
Simon PeggGary King
88.3%
Nick FrostEd
88.3%
Nick FrostDanny Butterman
85.6%
Nick FrostAndrew Knightley
83.8%
Kate AshfieldLiz
75.2%
Peter SerafinowiczPete
70.3%
Martin FreemanOliver Chamberlain
66.7%
Dylan MoranDavid
64.4%
Jim BroadbentFrank Butterman
61.7%
Paddy ConsidineSteven Prince
58.6%
Bill NighyPhilip
57.7%
Rosamund PikeSam Chamberlain
56.8%
Eddie MarsanPeter Page
55.4%
Actor Characters % Correct
Timothy DaltonSimon Skinner
55%
Lucy DavisDianne
51.4%
Bill NighyThe Network
51.4%
Penelope WiltonBarbara
46.8%
Rafe SpallAndy Cartwright
46.4%
Paddy Considine Andy Wainwright
44.1%
Olivia ColmanDoris Thatcher
41.9%
Bill NighyChief Inspector
41.4%
Jessica HynesYvonne
39.2%
David BradleyBasil
33.3%
Pierce BrosnanGuy Shepherd
32%
Michael SmileyReverend Green
31.5%
Rafe SpallNoel
25.7%
Kevin EldonTony Fisher
22.5%
Bill BaileySgt. Turner
19.8%

You're not logged in!

Compare scores with friends on all Sporcle quizzes.
Join for Free
OR
Log In

You Might Also Like...

Show Comments

Extras

Top Quizzes Today


Score Distribution

Your Account Isn't Verified!

In order to create a playlist on Sporcle, you need to verify the email address you used during registration. Go to your Sporcle Settings to finish the process.

Report this User

Report this user for behavior that violates our Community Guidelines.

Details: